MARC

LEADER 00000nam0a2200000 4500
001 365227
005 20231102011750.0
035 |a (RuTPU)RU\TPU\retro\22590 
090 |a 365227 
100 |a 20211220d1980 k y0rusy50 ca 
101 0 |a rus 
102 |a UA 
105 |a a z 001zy 
200 1 |a Навигация и управление движением механических систем  |e сборник научных трудов  |f Академия наук Украинской ССР, Институт математики ; под ред. В. Н. Кошлякова 
210 |a Киев  |c Изд-во Ин-та математики АН УССР  |d 1980 
215 |a 142 с.  |c ил. 
320 |a Библиогр. в конце ст. 
606 1 |a Навигационные системы  |2 stltpush  |3 (RuTPU)RU\TPU\subj\44695  |9 63975 
610 1 |a механические системы 
610 1 |a движение 
610 1 |a гироскопические системы 
610 1 |a подвижные объекты 
610 1 |a управление 
610 1 |a устойчивость 
675 |a 629.05  |v 4 
702 1 |a Кошляков  |b В. Н.  |4 340 
712 0 2 |a Академия наук Украинской ССР  |b Институт математики  |2 stltpush  |3 (RuTPU)RU\TPU\col\11281  |9 25017 
801 1 |a RU  |b 63413507  |c 20211220 
942 |c BK